| Tag |
First Indicator |
Second Indicator |
Subfields |
| LEADER |
00000cam a2200000 a 4500 |
| 001 |
in00001371007 |
| 005 |
20151006091940.0 |
| 008 |
940808s1993 ohu 000 1 eng d |
| 019 |
|
|
|a 30152313
|a 31363649
|
| 020 |
|
|
|a 0804009813 (pbk.)
|
| 035 |
|
|
|a (OCoLC)30904909
|
| 035 |
|
|
|9 AHJ9359AM
|
| 040 |
|
|
|a NRM
|c NRM
|d TXA
|d UtOrBLW
|
| 049 |
|
|
|a TXAM
|
| 090 |
|
|
|a PS3527.I865
|b W36 1993
|
| 092 |
|
|
|a 813.52
|
| 100 |
1 |
|
|a Nin, Anaïs,
|d 1903-1977.
|
| 245 |
1 |
0 |
|a Waste of timelessness :
|b and other early stories /
|c by Anaïs Nin.
|
| 250 |
|
|
|a 1st pbk. ed.
|
| 264 |
|
1 |
|a Athens, Ohio :
|b Swallow Press/Ohio University Press,
|c 1993.
|
| 300 |
|
|
|a 110 pages ;
|c 21 cm.
|
| 336 |
|
|
|a text
|b txt
|2 rdacontent
|
| 337 |
|
|
|a unmediated
|b n
|2 rdamedia
|
| 338 |
|
|
|a volume
|b nc
|2 rdacarrier
|
| 505 |
0 |
|
|a Waste of timelessness.--The song in the garden.--The fear of Nice.--The Gypsy feeling.--The Russian who did not believe in miracles and why.--The dance which could not be danced.--A dangerous perfume.--Red roses.--Our minds are engaged.--Alchemy.--Tishnar.--The idealist.--The peacock feathers.--Faithfulness.--A spoiled party.--A slippery floor.
|
| 999 |
|
|
|a MARS
|
| 999 |
f |
f |
|s 5cc61328-c630-33c3-9e91-c2796d456eeb
|i 5c24adb9-d0ae-3772-a3cb-158444744c4f
|t 0
|
| 952 |
f |
f |
|p ric
|a Texas A&M University
|b Rellis Campus
|c Joint Library Facility
|d Remote Storage
|t 0
|e PS3527.I865 W36 1993
|h Library of Congress classification
|i unmediated -- volume
|m A14821483812
|
| 998 |
f |
f |
|a PS3527.I865 W36 1993
|t 0
|l Remote Storage
|